Представление документа в формате RUSMARC

ПолеНазваниеЗначение
  Тип записи c
  Библиографический уровень m
001 Контрольный номер UONB/MAIN/2a8ffcfa3e6f4e7bbef1917fb20a3861
005 Дата корректировки 20241119130236.4
010 Индекс ISBN __
9 Тираж 10000 экз.
013 Номер (ISMN) __
d Цена 63 к.
071 Издательские номер (звукозапись и ноты) 21
a Номер, присвоенный агентством 164
100 Данные общей обработки __
a Данные общей обработки 20241112b1972 u y0rusy0189 ca
101 Язык документа 0_
a Язык текста rus
c Язык оригинала rus
102 Страна публикации __
a Страна публикации RU
125 Кодированные данные звукозаписи и нотных изданий __
a Форма изложения нотного текста с
128 Кодированные данные (звукозаписи-физические характеристики) __
a Кодированные данные: Музыкальная форма и тональность или лад zz
c Инструменты или голоса, рекомендуемые для солистов (устаревшее) kt
c Инструменты или голоса, рекомендуемые для солистов (устаревшее) vu
200 Заглавие и сведения об ответственности 1_
a Заглавие Вып. 2
e Сведения, относящиеся к заглавию для баяна и голоса с баяном
203 Вид содержания и тип средства __
a Вид содержания Музыка
b Характеристика содержания знаковая
c Тип средства непосредственная
210 Выходные данные 1_
d Дата издания 1972
215 Физическое описание __
a Объем 47 с.
327 Примечание о содержании 11
a Примечание о содержании Содерж.: концертные пьесы : Портнов Г. Рыжий апельсин : вступление из музыки к кинофильму "День солнца и дождя". Еремин В. Вечерняя дорога к дому. Мартынов Н. Славянский базар. Кравченко Б. Старый шарманщик. Песни : Архимандритов Б. И мои и твои следы / сл. С. Кузнецовой. Брук Ф. По ромашковой дорожке / сл. В. Суслова. Витлин В. Тульский пряник / сл. М. Наринского. Голещанов Н. Ты, как березка русская / сл. Ф. Карбушева. Дубравин Я. Что со мной? / сл. В. Уфлянда. Кладницкий В. Города на память / сл. М. Наринского. Кравченко Б. Служил мальчишка в эскадроне / сл. С. Макарова и Г. Супруненко.
461 Уровень набора _0
1 2001
a Русский сувенир
f сборник пьес
v Вып. 2
1 2101
a Ленинград
a Москва
c 1971 -
1 001UONB/MAIN/41998ebc9ff243ffa7236120b38fda0c
1 215
d 29 см
464 Аналитический уровень _0
1 700 1
a Портнов
b Г.
1 2001
a Рыжий апельсин
e вступление из музыки к кинофильму "День солнца и дождя"
1 50010
a День солнца и дождя
464 Аналитический уровень _0
1 700 1
a Еремин
b В.
1 2001
a Вечерняя дорога к дому
464 Аналитический уровень _0
1 700 1
a Мартынов
b Н.
1 2001
a Славянский базар
464 Аналитический уровень _0
1 700 1
a Кравченко
b Б.
1 2001
a Старый шарманщик
464 Аналитический уровень _0
1 700 1
a Архимандритов
b Б.
1 702 1
a Кузнецова
b С.
4 520
1 2001
a И мои и твои следы
464 Аналитический уровень _0
1 700 1
a Брук
b Ф.
1 702 1
a Суслов
b В.
4 520
1 2001
a Брук Ф. По ромашковой дорожке
464 Аналитический уровень _0
1 036
t Не хочу держать в секрете...
1 700 1
a Витлин
b В.
1 702 1
a Наринский
b М.
4 520
1 2001
a Тульский пряник
464 Аналитический уровень _0
1 036
t Зажглась звезда далекая...
1 700 1
a Голещанов
b Н.
1 702 1
a Карбушев
b Ф.
4 520
1 2001
a Ты, как березка русская
464 Аналитический уровень _0
1 036
t Девочки, прошу вас про любовь мне рассказать...
1 700 1
a Дубравин
b Я.
1 702 1
a Уфлянд
b В.
4 520
1 2001
a Что со мной?
464 Аналитический уровень _0
1 036
t Когда друзья приходят на вокзал...
1 700 1
a Кладницкий
b В.
1 702 1
a Наринский
b М.
4 520
1 2001
a Города на память
464 Аналитический уровень _0
1 700 1
a Кравченко
b Б.
1 702 1
a Макаров
b С.
4 520
1 702 1
a Супруненко
b Г.
4 520
1 2001
a Служил мальчишка в эскадроне
606 Тематические рубрики 0_
a Основная рубрика Баян
x Основная подрубрика Пьесы советских композиторов
606 Тематические рубрики 0_
a Основная рубрика Сольное пение
x Основная подрубрика Песни советских композиторов
610 Ключевые слова 0_
a Ключевые слова баян; сольное пение; пьесы советских композиторов; песни советских композиторов
686 Индексы других классификаций __
2 Код системы rubbk
a Классификационный индекс 85.954.6я43
686 Индексы других классификаций __
a Классификационный индекс 85.943.4-46я43
801 Источник записи _0
a Страна RU
b Организация Ульяновская ОНБ
c Дата составления 20241112
g Правила каталогизации RCR
801 Источник записи _1
a Страна RU
b Организация Ульяновская ОНБ
c Дата составления 20241112
g Правила каталогизации RCR
901 Тип документа __
t Тип документа n
w Контрольный № источника UONB/MAIN/41998ebc9ff243ffa7236120b38fda0c
909 Создатель записи __
a Создатель записи Никитина Т. А.
b Дата создания записи 20241112